000 00304nam a22001337a 4500
008 170320b xxu||||| |||| 00| 0 eng d
020 _a9780838580349
041 _aeng
080 _23 ED
_a616.8
100 _a7
101 _aSHM
245 _aPRINCIPLES OF NEURAL SCIENCE
_cKANDEL.E.R
942 _2udc
_cBK
999 _c8146
_d8146